000 00384cam a22001217a 4500
008 180718b1986 xxu||||| |||| 00| 0 eng d
082 _aA81x54 In2/81/16/Pt2A
100 _aCensus of India 1981
245 _aOrissa: general population tables
260 _aDelhi
_bThe Controller of Publications
_c1986
300 _a463+p.
440 _aCensus of India 1981. Series-16, Orissa. Part II-A
999 _c483145
_d483145